[Event "RUS-ch sf"]
[Site "Tula"]
[Date "2003.??.??"]
[Round "9"]
[White "Arakelov, Ilya Sergeevich"]
[Black "Kulikov, Oleg"]
[Result "0-1"]
[WhiteElo "2399"]
[BlackElo "2367"]
[PlyCount "70"]
[EventDate "2003.03.??"]
[EventType "swiss"]
[EventRounds "9"]
[EventCountry "RUS"]
[SourceTitle "EXT 2004"]
[Source "ChessBase"]
[SourceDate "2003.11.25"]
[SourceVersion "1"]
[SourceVersionDate "2003.11.25"]
[SourceQuality "1"]

1. d4 Nf6 2. c4 e6 3. Nf3 Bb4+ 4. Bd2 Qe7 5. Qc2 Bxd2+ 6. Nbxd2 d6 7. e3 0-0 8. Be2 e5 9. Nb3 Bg4 10. h3 Bh5 11. Nh4 Bxe2 12. Qxe2 g6 13. Nf3 a5 14. 0-0-0 a4 15. Nbd2 a3 16. b3 Nc6 17. Nb1 exd4 18. Nxd4 Nxd4 19. Rxd4 c6 20. Nc3 d5 21. cxd5 Nxd5 22. Nxd5 cxd5 23. Kb1 Rfc8 24. Qd2 Rc6 25. Rc1 Rac8 26. Rxc6 bxc6 27. Ra4 Qg5 28. f4 Qe7 29. Kc2 c5 30. Qxd5 Qxe3 31. Ra8 Qe2+ 32. Kc3 Qe1+ 33. Kc4 Qf1+ 34. Kc3 Qc1+ 35. Kd3 Qd1+ 0-1

[Event "RUS-ch sf"]
[Site "Tula"]
[Date "2003.??.??"]
[Round "6"]
[White "Kulikov, Oleg"]
[Black "Balashov, Yuri S"]
[Result "1/2-1/2"]
[WhiteElo "2367"]
[BlackElo "2521"]
[PlyCount "21"]
[EventDate "2003.03.??"]
[EventType "swiss"]
[EventRounds "9"]
[EventCountry "RUS"]
[SourceTitle "EXT 2004"]
[Source "ChessBase"]
[SourceDate "2003.11.25"]
[SourceVersion "1"]
[SourceVersionDate "2003.11.25"]
[SourceQuality "1"]

1. e4 g6 2. d4 Bg7 3. Nc3 d6 4. Nf3 Nf6 5. Be2 0-0 6. 0-0 Nc6 7. Be3 e5 8. dxe5 dxe5 9. Qxd8 Rxd8 10. Rfd1 Bg4 11. h3 1/2-1/2

[Event "RUS-ch sf"]
[Site "Tula"]
[Date "2003.??.??"]
[Round "5"]
[White "Piraev, Philip"]
[Black "Kulikov, Oleg"]
[Result "0-1"]
[WhiteElo "2384"]
[BlackElo "2367"]
[PlyCount "106"]
[EventDate "2003.03.??"]
[EventType "swiss"]
[EventRounds "9"]
[EventCountry "RUS"]
[SourceTitle "EXT 2004"]
[Source "ChessBase"]
[SourceDate "2003.11.25"]
[SourceVersion "1"]
[SourceVersionDate "2003.11.25"]
[SourceQuality "1"]

1. e4 c5 2. Nc3 Nc6 3. Nge2 g6 4. d4 cxd4 5. Nxd4 Bg7 6. Be3 Nf6 7. Be2 0-0 8. Nb3 d6 9. 0-0 Be6 10. f4 Rc8 11. Bf3 a6 12. Nd5 Bxd5 13. exd5 Na5 14. Nxa5 Qxa5 15. c3 b5 16. a3 Nd7 17. Re1 Qc7 18. a4 Nc5 19. axb5 axb5 20. Qe2 Rb8 21. Kh1 b4 22. Qc4 bxc3 23. bxc3 Rfc8 24. Ra3 Qd7 25. Bd4 Nb3 26. Rxb3 Rxc4 27. Rxb8+ Bf8 28. Ra1 Rc8 29. Ra7 Qd8 30. Rxc8 Qxc8 31. g3 f5 32. Kg2 Kf7 33. Be2 Qb8 34. Ra6 Bg7 35. Bxg7 Kxg7 36. Rc6 Qb2 37. Kf2 h6 38. h4 g5 39. hxg5 hxg5 40. fxg5 Kg6 41. c4 Kxg5 42. Rc8 Qg7 43. Rb8 e5 44. Rd8 Qa7+ 45. Kg2 Qe3 46. Kf1 e4 47. Rg8+ Kf6 48. Rf8+ Ke5 49. Rg8 Kd4 50. Rg7 Qc1+ 51. Kg2 Qd2 52. Kf2 Qe3+ 53. Kf1 Qh6 0-1

[Event "Tula Suetin Memorial op"]
[Site "Tula"]
[Date "2002.??.??"]
[Round "9"]
[White "Kulikov, Oleg"]
[Black "Pastushkov, Mikhail"]
[Result "1-0"]
[WhiteElo "2129"]
[BlackElo "2167"]
[PlyCount "55"]
[EventDate "2002.03.23"]
[EventType "swiss"]
[EventRounds "9"]
[EventCountry "RUS"]
[SourceTitle "CBM 087 Extra"]
[Source "ChessBase"]
[SourceDate "2002.05.03"]
[SourceVersion "2"]
[SourceVersionDate "2002.08.09"]
[SourceQuality "1"]

1. c4 c5 2. Nc3 Nc6 3. g3 Nf6 4. Bg2 e6 5. e4 d6 6. Nge2 Be7 7. d4 cxd4 8. Nxd4 0-0 9. 0-0 Nxd4 10. Qxd4 Bd7 11. Rd1 Bc6 12. Bg5 Qa5 13. Bd2 Qc7 14. Rac1 Rfd8 15. Nd5 exd5 16. cxd5 Qd7 17. dxc6 bxc6 18. Ba5 Rdc8 19. e5 Ne8 20. Qa4 Rab8 21. Bxc6 Rxc6 22. Qxc6 Qf5 23. Bc7 Rc8 24. exd6 Bxd6 25. Rxd6 Qg5 26. Rd5 Qe7 27. Re5 Qf8 28. Qc5 1-0

[Event "Tula Club-ch op"]
[Site "Tula"]
[Date "2000.??.??"]
[Round "7"]
[White "Kulikov, Oleg"]
[Black "Bets, Anatolij"]
[Result "1/2-1/2"]
[WhiteElo "2370"]
[BlackElo "2413"]
[PlyCount "24"]
[EventDate "2000.??.??"]
[EventType "swiss"]
[EventRounds "9"]
[EventCountry "RUS"]
[SourceTitle "EXT 2002"]
[Source "ChessBase"]
[SourceDate "2001.11.25"]
[SourceVersion "1"]
[SourceVersionDate "2001.11.25"]
[SourceQuality "1"]

1. e4 c6 2. d4 d5 3. exd5 cxd5 4. c4 Nf6 5. Nc3 e6 6. Nf3 Bb4 7. Bg5 0-0 8. cxd5 exd5 9. Be2 Qa5 10. Bxf6 Bxc3+ 11. bxc3 Qxc3+ 12. Kf1 gxf6 1/2-1/2

[Event "Tula Club-ch op"]
[Site "Tula"]
[Date "2000.??.??"]
[Round "1"]
[White "Kulikov, Oleg"]
[Black "Trotsko, Eugeny"]
[Result "1-0"]
[WhiteElo "2370"]
[BlackElo "2183"]
[PlyCount "59"]
[EventDate "2000.??.??"]
[EventType "swiss"]
[EventRounds "9"]
[EventCountry "RUS"]
[SourceTitle "EXT 2002"]
[Source "ChessBase"]
[SourceDate "2001.11.25"]
[SourceVersion "1"]
[SourceVersionDate "2001.11.25"]
[SourceQuality "1"]

1. e4 e6 2. d4 d5 3. Nc3 Nf6 4. Bg5 Be7 5. e5 Nfd7 6. Bxe7 Qxe7 7. f4 0-0 8. Nf3 c5 9. Qd2 Nc6 10. 0-0-0 a6 11. dxc5 Nxc5 12. Bd3 b5 13. Qe3 Nxd3+ 14. cxd3 b4 15. Ne2 Bd7 16. Kb1 Rfc8 17. Rc1 f5 18. h3 Nd8 19. g4 g6 20. g5 Nb7 21. h4 Rxc1+ 22. Rxc1 Rc8 23. Qb6 Rxc1+ 24. Nxc1 Bb5 25. Nd4 Kf7 26. Nxb5 axb5 27. Nb3 Qd7 28. Nd4 Nd8 29. Qb8 Nc6 30. Qxb5 1-0

[Event "Tula Club-ch op"]
[Site "Tula"]
[Date "2000.??.??"]
[Round "6"]
[White "Vul, Arkadi Eremeevich"]
[Black "Kulikov, Oleg"]
[Result "1/2-1/2"]
[WhiteElo "2464"]
[BlackElo "2370"]
[PlyCount "39"]
[EventDate "2000.??.??"]
[EventType "swiss"]
[EventRounds "9"]
[EventCountry "RUS"]
[SourceTitle "EXT 2002"]
[Source "ChessBase"]
[SourceDate "2001.11.25"]
[SourceVersion "1"]
[SourceVersionDate "2001.11.25"]
[SourceQuality "1"]

1. Nf3 c5 2. c4 Nc6 3. d4 cxd4 4. Nxd4 g6 5. e4 Bg7 6. Be3 Nf6 7. Nc3 Ng4 8. Qxg4 Nxd4 9. Qd1 Ne6 10. Qd2 Qa5 11. Rc1 d6 12. Be2 Bd7 13. 0-0 Bc6 14. f3 g5 15. Rfd1 Be5 16. b3 Bf4 17. Nd5 Qxd2 18. Bxd2 Bxd2 19. Rxd2 Rc8 20. Kf2 1/2-1/2

[Event "RUS-chT 01st"]
[Site "Podolsk"]
[Date "1992.??.??"]
[Round "?"]
[White "Vasilchenko, Oleg"]
[Black "Kulikov, Oleg"]
[Result "1-0"]
[WhiteElo "2385"]
[BlackElo "2335"]
[PlyCount "73"]
[EventDate "1992.??.??"]
[EventType "team"]
[EventRounds "12"]
[EventCountry "RUS"]
[SourceTitle "EXT 2020"]
[Source "ChessBase"]
[SourceDate "2019.10.17"]
[SourceVersion "1"]
[SourceVersionDate "2019.10.17"]
[SourceQuality "1"]
[WhiteTeam "Voronezh Vertikal"]
[WhiteTeamCountry "RUS"]

1. d4 Nf6 2. c4 e6 3. g3 c5 4. Nf3 cxd4 5. Nxd4 Ne4 6. Qd3 Bb4+ 7. Nd2 d5 8. cxd5 Bxd2+ 9. Bxd2 Nxd2 10. Bg2 exd5 11. Qxd2 0-0 12. 0-0 Nc6 13. Rfd1 Be6 14. Qf4 Qb6 15. Rd2 Rad8 16. Rad1 a5 17. h4 h6 18. Bf3 Ne7 19. Qe3 Nc8 20. Qb3 Rd7 21. Rc1 Qd8 22. Rc5 Nb6 23. Rd1 Nc4 24. Qb5 Nd6 25. Qd3 Qb6 26. Rc2 Rfd8 27. Qb3 Qa6 28. e3 Ne4 29. Qb5 Qd6 30. Nxe6 Qxe6 31. Qxa5 Qg6 32. Bxe4 Qxe4 33. Rcd2 Rd6 34. Rd4 Qc2 35. R1d2 Qb1+ 36. Kg2 Qf5 37. e4 1-0